| 000 | 00405nam a22001697a 4500 | ||
|---|---|---|---|
| 005 | 20230524104152.0 | ||
| 008 | 230524b |||||||| |||| 00| 0 eng d | ||
| 082 |
_a621.815 _bSHI-M |
||
| 100 | _aShingley;Joseph.E | ||
| 245 | _aMechanical Engineering Design | ||
| 250 | _a8th.ed | ||
| 260 | _bMcGraw Hill | ||
| 300 | _a1055 | ||
| 650 | _aEngineering | ||
| 700 | _aJoseph;Edward.Shigley | ||
| 999 |
_c18450 _d18450 |
||